01810nam a2200337 4500003000900000005001700009008004100026040004600067041000800113082002800121092000700149099003900156100005400195245013000249264006200379300008200441336002200523337002400545338003300569504006100602546009600663650007400759651001000833856005700843905000700900942001900907999001700926952017600943952017601119952017701295EG-GICUC20260121101647.0260105m14262005ua ||||fr|||| 00| 0 ara d a EG-GICUCbarac EG-GICUCd EG-GICUCerda0 aara04221a345.7bس ل . أ04221 aLaw1 07 345.7 س ل . أ 20050 aسليمان محمد الطماويeمؤلف.12aالأسس العامة للعقود الإدارية :bدراسة مقارنة /cسليمان محمد الطماوي. 1aالقاهرة :bدار الفكر العربي،c2005. a912 صفحة ؛ c24 سم.bإيضاحيات، صور، مثيليات ؛  2rda contentatext 2rda mediaaComputer 2rda carrieraOnline Resource aيحتوي على ارجاعات ببليوجرافية  aالنص أغلبه باللغة العربية مع بعض النصوص الفرنسية14aالعقود الإداريةxالقانون الاداري2qrmak1 2qrmak40uhttps://fll.law.cu.edu.eg/fulltext/bks/B07-02558.pdf a75 2ddcn0cBKe21 c54529d54529 00102ddc40718القانون الإداريaCUbLAW1d2026-01-05l0oLaw1 07 345.7 س ل . أ 2005 0202558 C1pB07-02558r2026-01-05 10:10:38t1w2026-01-05yBK 00102ddc40708القانون الإداريaCUbLAW1d2026-01-05l0oLaw1 07 345.7 س ل . أ 2005 0202559 C2pB07-02559r2026-01-05 10:11:02t2w2026-01-05yBK 00102ddc40708القانون الإداريaCUbLAW2d2026-01-05l0oLaw2 07 345.7 س ل . أ 2005 0202560 C3pB07-02560r2026-01-05 10:11:41t3w2026-01-05yBK